Australian Economic Papers

Salvato in:
Dettagli Bibliografici
Natura: Periodico
Lingua:inglese
Pubblicazione: Adelaide University of Adelaide 1994
Soggetti:
Tags: Aggiungi Tag
Nessun Tag, puoi essere il primo ad aggiungerne!!

MARC

LEADER 00000nas2a2200000 4500
001 s017778
005 20240109095755.1
041 0 |a eng 
044 |a AU 
245 1 0 |a Australian Economic Papers 
264 1 |a Adelaide  |b University of Adelaide  |c 1994 
300 |a 1 zv. 
773 0 |w eu_un_cat*s120418 
610 2 0 |a analýza ekonomická 
610 2 0 |a politika hospodárska